IATA Airport Codes by City (ASIA) - Statistics

General Stats
  • This quiz has been taken 2,419 times
  • The average score is 16 of 27
Answer Stats
Hint Answer % Correct
HKG Hong Kong
98%
SIN Singapore
95%
DXB Dubai
90%
DOH Doha
88%
DEL New Delhi
88%
KUL Kuala Lumpur
85%
TPE Taipei
79%
HND Tokyo
76%
AMM Amman
72%
TLV Tel Aviv
71%
HAN Hanoi
70%
CEB Cebu
64%
PVG Shanghai
64%
SGN Saigon
62%
KIX Osaka
55%
CGK Jakarta
54%
XMN Xiamen
54%
DPS Denpasar
51%
CMB Colombo
49%
KWI Kuwait
48%
HKT Phuket
36%
THR Tehran
35%
KHI Karachi
33%
PUS Pusan
29%
SUB Surabaya
25%
BKI Kota Kinabalu
13%
KHH Kaohsiung
10%
No matching quizzes found
Score Distribution
Percent of People with Each Score
Percentile by Number Answered
Your Score History
You have not taken this quiz